Využitie VRML prostredia na prácu s virtuálnou realitou pre projektovanie

Gespeichert in:
Bibliographische Detailangaben
1. Verfasser: Šebo, Tomáš (Verfasst von)
Weitere Verfasser: Hantuch, Igor, 1948- (Betreuung Doktorarbeit)
Format: Manuskript Buch
Sprache:Slowakisch
Veröffentlicht: Bratislava : STU v Bratislave FEI, 2001
Schlagworte:
Tags: Tag hinzufügen
Keine Tags, Fügen Sie das erste Tag hinzu!

MARC

LEADER 00000ntm a22000003a 4500
001 stu58728
005 20160719164826.1
008 010716s2001------------------------slo-d
040 |a STU  |b slo 
041 0 |a slo 
100 1 |a Šebo, Tomáš  |4 aut 
245 1 |a Využitie VRML prostredia na prácu s virtuálnou realitou pre projektovanie 
260 |a Bratislava :  |b STU v Bratislave FEI,  |c 2001 
300 |a 101 s 
650 7 |a automatizácia  |2 stusub 
700 1 |a Hantuch, Igor,  |d 1948-  |4 ths  |u E1110  |U FEI Ústav robotiky a kybernetiky  |T FEI Automatizácia a regulácia  |X 4943  |U E1110  |Y 57  |7 A000004943